| 000 | 00392nam a2200145Ia 4500 | ||
|---|---|---|---|
| 008 | 230917s9999||||xx |||||||||||||| ||und|| | ||
| 040 |
_e37980 _aMAIN |
||
| 041 | _aEnglish | ||
| 082 | _a658.3 P987P | ||
| 100 | _aPutti, Joseph M | ||
| 245 | 0 | _aPersonal: the management of securing and maintaining the workforce | |
| 260 |
_aNew Delhi _bS chand _c1980 |
||
| 300 | _axi, 391 p. | ||
| 942 | _cBK | ||
| 999 |
_c217229 _d217229 |
||